Quiz sur La démocratie dans la Grèce antique - Statistiques

Statistiques générales
  • Ce quiz a été pris 260 fois
  • Le résultat moyen est 5 sur 10
Statistiques - réponses
Indice Réponse % Correct
Dans quelle cité grecque le premier système politique démocratique a-t-il vu le jour au Ve siècle avant JC ? Athènes
98%
Quel grand homme politique de la Grèce antique, connu pour sa grande sagesse, marque l'apogée de démocratie entre -444 et -429 ? Périclès
79%
Comment s'appelait l'assemblée des citoyens chargée de prendre les grandes décisions de la cité et d'élire les magistrats ? Ecclésia
58%
Comment s'appelait le conseil de citoyens chargé d'étudier les projets de loi ? Boulè
56%
Dans les grandes cités de la Grèce antique, comment s'appelait la place de rassemblement populaire où se situaient les temples et les bâtiments des grandes institutions politiques ? Agora
53%
Quelle était la proportion de la population possédant la citoyenneté, donc pouvant effectivement participer à la vie de la cité ? 10 %
52%
Il était à la fois chef des armées et chef du gouvernement. Quel était son titre ? Stratège
46%
Quel était le type de démocratie dans la Grèce antique ? Démocratie directe (le peuple exerce directement le pouvoir)
44%
Sur quelle colline cette assemblée se tenait-elle 3 ou 4 fois par semaine ? Pnyx
32%
Le peuple rendait la justice. Quel est le nom des citoyens chargés de rendre la justice populaire ? Héliastes
10%
Aucun quiz correspondant
Distribution des résultats
% des personnes avec chaque résultat
Percentile par nombre de réponses
Votre historique - résultats
Vous n’avez pas pris ce quiz